Państwa produkujące najwięcej batatów - Statystyki

Ogólne statystyki
  • Ten quiz został rozwiązany 17 razy
  • Średni wynik to 7 z 14
Statystyki odpowiedzi
Produkowane
bataty
(w mln ton)
Państwo % Poprawnych
72,0 Chiny
100%
1,46 Indie
86%
1,62 Stany Zjednoczone
86%
2,02 Indonezja
71%
4,01 Nigeria
64%
1,35 Wietnam
64%
1,86 Angola
43%
2,0 Etiopia
43%
4,24 Tanzania
36%
5,47 Malawi
29%
1,14 Madagaskar
21%
1,66 Uganda
14%
1,02 Mali
7%
1,08 Rwanda
7%
Nie znaleziono quizów pasujących do podanych kryteriów
Rozkład punktacji
Procent ludzi z każdym wynikiem
Percentyl według liczby udzielonych odpowiedzi
Twoja historia wyników
Nie rozwiązałeś tego quizu